All Hall & Oates Songs - Statistics

General Stats
  • This quiz has been taken 52 times
  • The average score is 34 of 225
Answer Stats
Album Song % Correct
H2O Maneater
94%
Private Eyes Private Eyes
84%
Big Bam Boom Out of Touch
68%
Bigger Than Both of Us Rich Girl
68%
Voices Kiss on My List
65%
Daryl Hall & John Oates Sara Smile
61%
Private Eyes I Can't Go for That (No Can Do)
58%
Voices You Make My Dreams
58%
Rock 'n Soul Part 1 Adult Education
55%
Abandoned Luncheonette She's Gone
55%
H2O Family Man
45%
Big Bam Boom Method of Modern Love
39%
Abandoned Luncheonette Abandoned Luncheonette
35%
Along the Red Ledge It's a Laugh
35%
H2O One on One
35%
Do It for Love Do It for Love
29%
H2O Italian Girls
29%
Single Jingle Bell Rock
29%
Rock 'n Soul Part 1 Say It Isn't So
29%
Big Bam Boom Some Things Are Better Left Unsaid
29%
X-Static Wait for Me
29%
Voices You've Lost That Lovin' Feelin'
29%
Beauty on a Back Street Bigger Than Both of Us
26%
Change of Season Change of Season
26%
H2O Crime Pays
26%
Private Eyes Did It in a Minute
26%
Voices Everytime You Go Away
26%
Marigold Sky Marigold Sky
26%
Daryl Hall & John Oates Alone Too Long
23%
Bigger Than Both of Us Crazy Eyes
23%
Voices Diddy Doo Wop (I Hear the Voices)
23%
Home for Christmas Home for Christmas
23%
Whole Oats I'm Sorry
23%
Abandoned Luncheonette Las Vegas Turnaround (The Stewardess Song)
23%
Voices United State
23%
Big Bam Boom All American Girl
19%
H2O At Tension
19%
Bigger Than Both of Us Back Together Again
19%
Big Bam Boom Dance on Your Knees
19%
Daryl Hall & John Oates Ennui on the Mountain
19%
Bigger Than Both of Us Kerry
19%
Abandoned Luncheonette Lady Rain
19%
Bigger Than Both of Us London Luck & Love
19%
Along the Red Ledge Melody for a Memory
19%
X-Static Portable Radio
19%
Big Bam Boom Possession Obsession
19%
Marigold Sky Romeo Is Bleeding
19%
Change of Season So Close
19%
Whole Oats Waterwheel
19%
Abandoned Luncheonette When the Morning Comes
19%
War Babies Beanie G and the Rose Tattoo
16%
Voices Big Kids
16%
Bigger Than Both of Us Do What You Want, Be What You Are
16%
Ooh Yeah! Downtown Life
16%
Bigger Than Both of Us Falling
16%
Whole Oats Fall in Philadelphia
16%
Do It for Love Getaway Car
16%
Daryl Hall & John Oates Gino (The Manager)
16%
H2O Go Solo
16%
Voices Gotta Lotta Nerve (Perfect Perfect)
16%
Voices How Does It Feel to Be Back
16%
Daryl Hall & John Oates Ice
16%
Abandoned Luncheonette I'm Just a Kid (Don't Make Me Feel Like a Man)
16%
No Goodbyes It's Uncanny
16%
Whole Oats Lilly (Are You Happy)
16%
Do It for Love Man on a Mission
16%
H2O Open All Night
16%
Along the Red Ledge Pleasure Beach
16%
Bigger Than Both of Us Room to Breathe
16%
Daryl Hall & John Oates Soldering
16%
X-Static Who Said the World Was Fair
16%
Beauty on a Back Street Winged Bull
16%
Along the Red Ledge Alley Katz
13%
X-Static All You Want Is Heaven
13%
Live at the Apollo Apollo Medley
13%
H2O Art of Heartbreak
13%
Along the Red Ledge August Day
13%
Beauty on a Back Street Bad Habits and Infections
13%
Big Bam Boom Bank on Your Love
13%
X-Static Bebop/Drop
13%
Big Bam Boom Cold Dark and Yesterday
13%
H2O Delayed Reaction
13%
Abandoned Luncheonette Everytime I Look at You
13%
Whole Oats Georgie
13%
Big Bam Boom Going Thru the Motions
13%
Daryl Hall & John Oates Grounds for Separation
13%
H2O Guessing Games
13%
Abandoned Luncheonette Had I Known You Better Then
13%
Voices Hard to Be in Love with You
13%
Along the Red Ledge I Don't Wanna Lose You
13%
Our Kind of Soul I'll Be Around
13%
X-Static Intravino
13%
War Babies Is It a Star
13%
Whole Oats Lazyman
13%
Do It for Love Life's Too Short
13%
Private Eyes Mano a Mano
13%
Home for Christmas Mary Had a Baby
13%
Ooh Yeah! Missed Opportunity
13%
Ooh Yeah! Rockability
13%
Do It for Love Someday We'll Know
13%
Ooh Yeah! Soul Love
13%
Whole Oats Thank You For...
13%
Beauty on a Back Street The Emptyness
13%
Beauty on a Back Street The Girl Who Used to Be
13%
X-Static Time's Up (Alone Tonight)
13%
Daryl Hall & John Oates What's Important to Me
13%
War Babies 70's Scenario
10%
Voices Africa
10%
Whole Oats All Our Love
10%
The Early Years A Lot of Changes Coming
10%
War Babies Better Watch Your Back
10%
War Babies Can't Stop the Music (He Played It Much Too Long)
10%
Along the Red Ledge Don't Blame It on Love
10%
Change of Season Don't Hold Back Your Love
10%
Ooh Yeah! Everything Your Heart Desires
10%
Private Eyes Friday Let Me Down
10%
Change of Season Give It Up (Old Habits)
10%
Whole Oats Goodnight and Goodmorning
10%
Private Eyes Head Above Water
10%
The Early Years In Honor of a Lady
10%
Do It for Love Intuition
10%
No Goodbyes I Want to Know You for a Long Time
10%
War Babies Johnny Gore and the "C" Eaters
10%
Ooh Yeah! Keep on Pushin' Love
10%
Abandoned Luncheonette Laughing Boy
10%
Private Eyes Looking for a Good Sign
10%
Beauty on a Back Street Love Hurts (Love Heals)
10%
No Goodbyes Love You Like a Brother
10%
Do It for Love Miss DJ
10%
X-Static No Brain, No Pain
10%
Daryl Hall & John Oates Nothing At All
10%
X-Static Number One
10%
Our Kind of Soul Ooh Child
10%
Daryl Hall & John Oates Out of Me, Out of You
10%
Marigold Sky Promise Ain't Enough
10%
Ooh Yeah! Realove
10%
Ooh Yeah! Rocket to God
10%
X-Static Running from Paradise
10%
Along the Red Ledge Serious Music
10%
The Early Years Seventy
10%
Do It for Love (She) Got Me Bad
10%
Private Eyes Some Men
10%
Our Kind of Soul Standing in the Shadows of Love
10%
Private Eyes Tell Me What You Want
10%
Home for Christmas The Christmas Song
10%
Along the Red Ledge The Last Time
10%
Marigold Sky The Sky Is Falling
10%
X-Static The Woman Comes and Goes
10%
Private Eyes Unguarded Minute
10%
War Babies War Baby Son of Zorro
10%
Beauty on a Back Street Why Do Lovers Break Each Other's Heart?
10%
Daryl Hall & John Oates (You Know) It Doesn't Matter Anymore
10%
Bigger Than Both of Us You'll Never Learn
10%
Beauty on a Back Street You Must Be Good for Something
10%
War Babies You're Much Too Soon
10%
Private Eyes Your Imagination
10%
Our Kind of Soul After the Dance
6%
Runaway Bride (Soundtrack) And That's What Hurts
6%
The Early Years Angelina
6%
Do It for Love Breath of Your Life
6%
Our Kind of Soul Can't Get Enough of Your Love
6%
Home for Christmas Children, Go Where I Send Thee
6%
Home for Christmas Christmas Must Be Tonight
6%
The Early Years Deep River Blues
6%
Beauty on a Back Street Don't Change
6%
Our Kind of Soul Don't Turn Your Back on Me
6%
Home for Christmas Everyday Will Be Like a Holiday
6%
Change of Season Everywhere I Look
6%
Our Kind of Soul Fading Away
6%
Do It for Love Forever for You
6%
Change of Season Halfway There
6%
Do It for Love Heartbreak Time
6%
Change of Season Heavy Rain
6%
Marigold Sky Hold on to Yourself
6%
Change of Season I Ain't Gonna Take It This Time
6%
Our Kind of Soul I Can Dream About You
6%
Marigold Sky I Don't Think So
6%
The Early Years If That's What Makes You Happy
6%
The Early Years I'll Be By
6%
Ooh Yeah! I'm in Pieces
6%
Our Kind of Soul I'm Still in Love with You
6%
War Babies I'm Watching You (A Mutant Romance)
6%
Home for Christmas It Came Upon a Midnight Clear
6%
Do It for Love It Must Be
6%
Our Kind of Soul Let Love Take Control
6%
Do It for Love Love in a Dangerous Time
6%
Marigold Sky Love Out Loud
6%
Our Kind of Soul Love TKO
6%
Earth Girls Are Easy (Soundtrack) Love Train
6%
Do It for Love Make You Stay
6%
Our Kind of Soul Neither One of Us
6%
Home for Christmas No Child Should Ever Cry on Christmas
6%
Home for Christmas O Holy Night
6%
Change of Season Only Love
6%
Marigold Sky Out of the Blue
6%
Home for Christmas Overture/The First Noel
6%
The Atlantic Collection Past Times Behind
6%
The Early Years Per Kiomen
6%
Two Rooms: Celebrating the Songs of Elton John & Bernie Taupin Philadelphia Freedom
6%
Single #3 Philly Forget Me Not
6%
Our Kind of Soul Rock Steady
6%
War Babies Screaming Through December
6%
VH1 Behind the Music: The Daryl Hall and John Oates Collection Somebody Like You
6%
Do It for Love Something About You
6%
Change of Season Sometimes a Mind Changes
6%
Our Kind of Soul Soul Violins
6%
Whole Oats Southeast City Window
6%
Change of Season Starting All Over Again
6%
Single #2 Take Christmas Back
6%
Ooh Yeah! Taking All Night
6%
The Early Years The Provider
6%
Whole Oats They Needed Each Other
6%
Marigold Sky Throw the Roses Away
6%
Marigold Sky Time Won't Pass Me By
6%
Our Kind of Soul Used to Be My Girl
6%
Marigold Sky Want To
6%
Marigold Sky War of Words
6%
Our Kind of Soul What You See Is What You Get
6%
Live at the Apollo When Something Is Wrong with My Baby
6%
Our Kind of Soul Without You
6%
Our Kind of Soul You Are Everything
6%
Daryl Hall & John Oates Carmellia
3%
X-Static Hallofon
3%
Sweet Soul Music Sweet Soul Music
3%
Along the Red Ledge Have I Been Away for Too Long
0%
No matching quizzes found
Score Distribution
Percent of People with Each Score
Percentile by Number Answered
Your Score History
You have not taken this quiz